| 000 | 00461nam a22001817a 4500 | ||
|---|---|---|---|
| 003 | CEME | ||
| 005 | 20210628204702.0 | ||
| 008 | 210222b xxu||||| |||| 00| 0 eng d | ||
| 020 | _a0-13-773391-7 | ||
| 040 | _c. | ||
| 082 | _a629.892 PAK'A | ||
| 100 |
_aParkin, R. E _971803 |
||
| 245 | _aApplied robotic analysis | ||
| 260 |
_aNEWJERSCY _bPRENTICE HALL _c1991 |
||
| 300 | _a421P | ||
| 650 |
_aMACHINERY KINEMATICS ROBOTS MOTION _971804 |
||
| 942 |
_cBK _2ddc |
||
| 999 |
_c578124 _d578124 |
||